Linear algebra and its applications

The book provides a modern elementary introduction to linear algebra and some of its interesting applications

সংরক্ষণ করুন:
গ্রন্থ-পঞ্জীর বিবরন
প্রধান লেখক: Lay, David C
বিন্যাস: গ্রন্থ
ভাষা:Undetermined
প্রকাশিত: Reading, Massachusetts Addison-Wesley 1996
বিষয়গুলি:
ট্যাগগুলো: ট্যাগ যুক্ত করুন
কোনো ট্যাগ নেই, প্রথমজন হিসাবে ট্যাগ করুন!
Thư viện lưu trữ: Trung tâm Học liệu Trường Đại học Cần Thơ
LEADER 00627nam a2200205Ia 4500
001 CTU_22755
008 210402s9999 xx 000 0 und d
020 |c 125 
082 |a 512.5 
082 |b L426 
100 |a Lay, David C 
245 0 |a Linear algebra and its applications 
245 0 |c David C Lay 
260 |a Reading, Massachusetts 
260 |b Addison-Wesley 
260 |c 1996 
520 |a The book provides a modern elementary introduction to linear algebra and some of its interesting applications 
650 |a Algebras, linear 
904 |i Minh 
980 |a Trung tâm Học liệu Trường Đại học Cần Thơ